Nos amis les insectes #3 L'abeille - Statistiques

Statistiques générales
  • Ce quiz a été pris 56 fois
  • Le résultat moyen est 12 sur 22
Statistiques - réponses
Indice Réponse % Correct
Nombre de paires d'ailes qu'elles possèdent 2
100%
Dans une ruche on trouve deux type d'abeilles. Citez-en une Reine | Ouvrière
91%
Qu'arrive-t-il à l'abeille lorsqu'elle pique un être humain ? Elle meurt
86%
Abeille de dessin animé Maya
81%
Nom donné à l'élevage des abeilles Apiculture
79%
Outre le miel, les abeilles produisent d'autres substances. Citez-en une Cire | Gelée royale | Propolis
79%
Rassemblement d'un grand nombre d'abeilles de la même famille Essaim
74%
Les plus anciens fossiles d'abeille (100 millions d'années) ont été retrouvés inclus dans cette substance L'ambre
67%
En butinant de fleur en fleur, l'abeille assure cette étape importante de la reproduction des végétaux Pollinisation
65%
Nom de l'abeille mâle (deux mots) Faux bourdon
60%
Quelle est la forme des alvéoles contenant le miel à l'intérieur de la ruche ? Hexagonale
60%
Pourquoi les abeilles fabriquent-elles du miel ? Pour se nourrir
53%
Ordre d'insectes auquel appartiennent les abeilles Hyménoptères
47%
Dirigeant français qui, en plus de l'aigle, a choisi les abeilles comme emblème Napoléon Bonaparte
47%
Système de communication entre les abeilles La danse
44%
Adjectif qualifiant une espèce qui produit du miel Mellifère
42%
Citez l'une des propriétés médicinales avérées du miel Anti-bactérienne | Cicatrisante | Anti-inflammatoire | Anti-oxydante
30%
Si nos abeilles familières sont des insectes sociaux, ce n'est pas le cas de la majorité des espèces d'abeilles. Citez l'une des deux autres catégories d'abeilles Solitaires | Parasites
30%
"Produit" de l'abeille qui serait efficace pour certaines affections Le venin
23%
Qui Amalthée a-t-elle allaité et nourri avec l'aide d'abeilles lui fournissant du miel ? Zeus
16%
Nom de la famille à laquelle appartiennent les abeilles sociales Apidés
14%
Mode de reproduction des abeilles qui produit des mâles Parthénogénèse
14%
Aucun quiz correspondant
Distribution des résultats
% des personnes avec chaque résultat
Percentile par nombre de réponses
Votre historique - résultats
Vous n’avez pas pris ce quiz